Ku Kymlickovým východiskám liberálnej koncepcie menšinových práv

Argumentácia W. Kymlicka v prospech práv menšín. Rovnosť, ktorá zohráva kľúčovú úlohu v Kymlickovom liberálnom multikulturalizme.

Gespeichert in:
Bibliographische Detailangaben
1. Verfasser: Labuda, Lukáš
Format: Buchkapitel
Sprache:Slowakisch
Schlagworte:
Tags: Tag hinzufügen
Keine Tags, Fügen Sie das erste Tag hinzu!

MARC

LEADER 00000naa a2200000 4500
001 0248791
005 20181112122112.4
041 0 |a slo 
044 |a SK 
245 1 0 |a Ku Kymlickovým východiskám liberálnej koncepcie menšinových práv  |c Lukáš Labuda 
520 |a Argumentácia W. Kymlicka v prospech práv menšín. Rovnosť, ktorá zohráva kľúčovú úlohu v Kymlickovom liberálnom multikulturalizme. 
610 2 0 |a práva sociálne 
610 2 0 |a Will Kymlicka 
610 2 0 |a Ronald Dworkin 
610 2 0 |a menšiny národnostné 
610 2 0 |a rovnosť sociálna 
100 1 |a Labuda, Lukáš